000 00723cam a2200217 4500
008 090401t1993 xxu||||| |||| 00| 0 eng d
020 _a0029197821
035 _a(Sirsi) u45412
041 0 _aeng
050 0 4 _a658.91 $2 18
100 1 _aMaister, David H.
245 0 0 _aManaging the professional service firm
260 _aNew York
_bFree Press
_c1993
300 _axvi, 376p.
_c24cm.
350 _a29.95
520 _aConsiders the managerial problems of professional services firms and the importance of developing their client relationships and their stock of skill, talent, knowledge and ability.
651 4 _aUNITED STATES
690 _aMANAGEMENT-BUSINESS MANAGEMENT
942 _n0
948 _c04/03/1997
999 _c91707
_d91707